Overwatch Voice Lines Quiz - Statistics

General Stats
  • This quiz has been taken 5,099 times
  • The average score is 22 of 24
Answer Stats
Voice Lines Answer % Correct
Ever get that feeling of de ja vu Tracer
98%
Mother knows best Ana
97%
*beep* *boop* Bastion
96%
A steady blade, balances a soul Genji
96%
One shot, One kill Widowmaker
96%
Everything is coming up EXPLODEY!!! Junkrat
95%
Give yourself to the rhythm Lucio
95%
Your personal guardian angel Mercy
95%
Winky face D.va
94%
Were all soldiers now Soldier 76
94%
If it lives, I can kill it Reaper
93%
Say bacon one more time Roadhog
93%
Don't worry my friends, I'll be your shield Reinhardt
92%
For the last time, I'm Swedish! Torbjorn
91%
Give in to the iris Zenyatta
91%
Boop Sombra
90%
Huston uhh, we have a problem Winston
90%
If I can think it, I can create it Symmetra
88%
Does anyone want a popsicle? Mei
87%
Simple geometry Hanzo
86%
I will break you! Zarya
80%
Do you need a hug? Orisa
78%
Someone call the undertaker McCree
73%
Down to earth Pharah
70%
No matching quizzes found
Score Distribution
Percent of People with Each Score
Percentile by Number Answered
Your Score History
You have not taken this quiz